[Event "Mestre Sociale-ch"]
[Site "Mestre "]
[Date "2001.02.27"]
[Round "8"]
[White "Orza, Pierantonio"]
[Black "Viola, Matteo"]
[Result "0-1"]
[WhiteElo "1600"]
[BlackElo "1898"]
[PlyCount "72"]
[EventDate "2001.01.15"]
[EventType "swiss"]
[EventRounds "10"]
[EventCountry "ITA"]
[SourceTitle "EXT 2005"]
[Source "ChessBase"]
[SourceDate "2004.11.15"]
[SourceVersion "1"]
[SourceVersionDate "2004.11.15"]
[SourceQuality "1"]

1. d4 f5 2. Nf3 g6 3. Bg5 Bg7 4. c3 Nf6 5. Nbd2 d6 6. Bxf6 Bxf6 7. e3 0-0 8. Bc4+ d5 9. Bd3 Nc6 10. h4 e5 11. dxe5 Nxe5 12. Nxe5 Bxe5 13. Nb3 f4 14. Qc2 fxe3 15. f3 Bg3+ 16. Ke2 Bf5 17. h5 Qg5 18. hxg6 hxg6 19. Bxf5 Rxf5 20. Nd4 Rf7 21. Rh3 Be5 22. Rah1 Qxg2+ 23. Kd3 Qxc2+ 24. Nxc2 Raf8 25. Kxe3 c5 26. Ne1 d4+ 27. Ke4 Bg7 28. Kd3 Re7 29. Nc2 dxc3 30. bxc3 b5 31. c4 Rd8+ 32. Nd4 Rxd4+ 33. Kc2 Re2+ 34. Kc1 Rxc4+ 35. Kd1 Rxa2 36. Ke1 Rc1# 0-1

[Event "Mestre Sociale-ch"]
[Site "Mestre "]
[Date "2001.??.??"]
[Round "5"]
[White "Giglio, Saverio"]
[Black "Orza, Pierantonio"]
[Result "1-0"]
[WhiteElo "1741"]
[BlackElo "1600"]
[PlyCount "79"]
[EventDate "2001.01.15"]
[EventType "swiss"]
[EventRounds "10"]
[EventCountry "ITA"]
[SourceTitle "EXT 2005"]
[Source "ChessBase"]
[SourceDate "2004.11.15"]
[SourceVersion "1"]
[SourceVersionDate "2004.11.15"]
[SourceQuality "1"]

1. d4 d5 2. Nc3 c6 3. e4 e6 4. e5 c5 5. Qg4 cxd4 6. Qxd4 Nc6 7. Bb5 Bd7 8. Bxc6 Bxc6 9. Nf3 Qb6 10. Qxb6 axb6 11. 0-0 Bc5 12. Rd1 Ne7 13. Nd4 Bxd4 14. Rxd4 b5 15. Bd2 0-0 16. Rb4 Ra4 17. Ne2 Rfa8 18. a3 R4a6 19. Rb3 Nf5 20. Bb4 Rd8 21. Rd1 Rd7 22. g4 Ne7 23. h3 Ra8 24. f4 g6 25. Kf2 Re8 26. Bxe7 Rexe7 27. Nd4 Re8 28. c3 Ra8 29. Nxb5 Ra5 30. a4 Rxa4 31. Rd4 Bxb5 32. Rxb5 Rxd4 33. cxd4 Rc7 34. g5 Kg7 35. h4 h6 36. Rc5 Rc6 37. b4 hxg5 38. b5 Rxc5 39. dxc5 Kf8 40. c6 1-0

[Event "Mestre Sociale-ch"]
[Site "Mestre "]
[Date "2001.??.??"]
[Round "6"]
[White "Orza, Pierantonio"]
[Black "Vianello, Enrico"]
[Result "0-1"]
[WhiteElo "1600"]
[BlackElo "1880"]
[PlyCount "136"]
[EventDate "2001.01.15"]
[EventType "swiss"]
[EventRounds "10"]
[EventCountry "ITA"]
[SourceTitle "EXT 2005"]
[Source "ChessBase"]
[SourceDate "2004.11.15"]
[SourceVersion "1"]
[SourceVersionDate "2004.11.15"]
[SourceQuality "1"]

1. d4 d5 2. Bf4 Nf6 3. e3 Bf5 4. Bd3 Bg6 5. Bxg6 hxg6 6. h3 e6 7. c3 c5 8. Nf3 Nc6 9. Nbd2 Be7 10. Ne5 Rc8 11. Ndf3 Ne4 12. Qa4 Qb6 13. Qb3 Qa6 14. Nxc6 Rxc6 15. Qc2 b5 16. 0-0 g5 17. Be5 f6 18. Bh2 Qc8 19. Nd2 Nd6 20. Qg6+ Kf8 21. Qd3 c4 22. Qc2 Nf7 23. e4 Qd7 24. Rfe1 dxe4 25. Rxe4 Bd6 26. Nf3 Bxh2+ 27. Nxh2 Qd5 28. Rae1 Nh6 29. Qe2 Kf7 30. Qh5+ g6 31. Qe2 Nf5 32. Nf3 Re8 33. g4 Nd6 34. Re3 a5 35. a3 Rb6 36. Nd2 b4 37. Ra1 Rc6 38. Ne4 Nb5 39. Qf3 f5 40. Nxg5+ Kf8 41. Qxd5 exd5 42. Nh7+ Kf7 43. Ng5+ Kf8 44. Rxe8+ Kxe8 45. Re1+ Kd7 46. gxf5 gxf5 47. axb4 axb4 48. Re2 bxc3 49. bxc3 Nxc3 50. Re3 Ne4 51. Nxe4 dxe4 52. h4 Ke6 53. Rh3 Kd5 54. h5 Rh6 55. Kf1 Kxd4 56. Ke2 f4 57. Rh4 f3+ 58. Kd2 c3+ 59. Kc2 Ra6 60. h6 Ra2+ 61. Kb3 Rb2+ 62. Ka3 Rb8 63. h7 c2 64. Ka4 c1Q 65. h8Q+ Rxh8 66. Rxh8 Kc4 67. Ka5 Qc3+ 68. Ka6 Qxh8 0-1